| 000 | 00707nam a2200229 a 4500 | ||
|---|---|---|---|
| 001 | 5393 | ||
| 003 | BD-RjUL | ||
| 005 | 20211208234047.0 | ||
| 008 | 131226t1979 enk 001 0 eng d | ||
| 020 | _a0855202831 | ||
| 035 | _a(BD-RjUL)5429 | ||
| 040 |
_aBD-RjUL _beng _cBD-RjUL |
||
| 041 | _aeng | ||
| 082 | 0 | 4 |
_216 _a364.2 _bWAR 1979 |
| 100 | 1 |
_aWadsworth, Michael E. J. _q(Michael Edwin John) _916945 |
|
| 245 | 1 | 0 |
_aRoots of delinquency : _binfancy, adolescence and crime / _cMichael Wadsworth |
| 260 |
_aOxford : _bMartin Robertson, _c1979. |
||
| 300 |
_aix, 150 p. ; _c22 cm. |
||
| 504 | _a Includes bibliographical reference and indexes. | ||
| 650 | 0 |
_aJuvenile delinquency _916946 |
|
| 942 |
_2ddc _cBK |
||
| 999 |
_c5393 _d5393 |
||